Vector quantization and signal compression /

Bibliographic Details
Main Author: Gersho, Allen
Other Authors: Gray, Robert M., 1943-
Format: Book
Language:English
Published: Boston : Kluwer Academic Publishers, [1992]
Series:Kluwer international series in engineering and computer science ; SECS 159.
Subjects:

MARC

Tag First Indicator Second Indicator Subfields
LEADER 00000cam a2200000 a 4500
001 in00001069759
005 20150929101559.0
008 910820s1992 maua b 001 0 eng
010 |a  91028580  
020 |a 0792391810 (acid-free paper) 
035 |a (OCoLC)24376525 
035 |9 AFP2063AM 
040 |a DLC  |c DLC  |d TXA  |d UtOrBLW 
049 |a TXAM 
050 0 0 |a TK5102.5  |b .G45 1991 
082 0 0 |a 621.382/2  |2 20 
090 |a TK5102.5  |b .G45 1992 
100 1 |a Gersho, Allen. 
245 1 0 |a Vector quantization and signal compression /  |c by Allen Gersho, Robert M. Gray. 
264 1 |a Boston :  |b Kluwer Academic Publishers,  |c [1992] 
264 4 |c ©1992 
300 |a xxii, 732 pages :  |b illustrations ;  |c 25 cm. 
336 |a text  |b txt  |2 rdacontent 
337 |a unmediated  |b n  |2 rdamedia 
338 |a volume  |b nc  |2 rdacarrier 
490 1 |a The Kluwer international series in engineering and computer science ;  |v SECS 159 
504 |a Includes bibliographical references (pages 691-719) and index. 
650 0 |a Signal processing  |x Digital techniques. 
650 0 |a Data compression (Telecommunication) 
650 0 |a Coding theory. 
700 1 |a Gray, Robert M.,  |d 1943- 
830 0 |a Kluwer international series in engineering and computer science ;  |v SECS 159. 
999 |a MARS 
999 f f |s 3469b78e-68a9-3f4f-b183-abe48c988f0a  |i 4000266b-6e85-34dc-8064-029ea1b53e20  |t 0 
952 f f |p normal  |a Texas A&M University  |b College Station  |c Sterling C. Evans Library  |d Evans: Library Stacks  |t 0  |e TK5102.5 .G45 1992  |h Library of Congress classification  |i unmediated -- volume  |m A14823636152 
998 f f |a TK5102.5 .G45 1992  |t 0  |l Evans: Library Stacks